| 000 | 01560nam a22002897a 4500 | ||
|---|---|---|---|
| 001 | 24039 | ||
| 003 | UA-OsUOA | ||
| 005 | 20260401160300.0 | ||
| 007 | ta | ||
| 008 | 20040205b un ||un a|||| 00| 0 ukr dukr d | ||
| 020 | _a9667007750 | ||
| 040 |
_aUA-OsUOA _bukr _cUA-OsUOA _dUA-OsUOA |
||
| 041 | _aukr | ||
| 044 | _aUA | ||
| 080 | _a82.09(477)(091) | ||
| 090 |
_a82.09(477)(091) _bІ-47 |
||
| 100 |
_aІльницький О. _924843 |
||
| 245 |
_aУкраїнський футуризм 1914-1930 _cОлег Ільницький ; пер. з англійської Рая Тхорук |
||
| 260 |
_aЛьвів _bЛітопис _c2003 |
||
| 300 | _a456 с. | ||
| 520 | _aКнижка канадського літературознавця Олега Ільницького - про український футуризм - мистецький переворот, який здійснили М. Семенко, Г. Шкурупій, О. Слісаренко, Л. Курбас та інші і завдяки якому вперше за кілька сторіч українська культура опинилася в авангарді європейського артистичного життя. Для літературознавців, мистецтвознавців, культурологів, філософів. | ||
| 650 | 7 |
_a82 Література. Літературознавство _2UDC _915 |
|
| 700 | 1 |
_aТхорук Р. _924844 |
|
| 942 |
_cBK _2udc |
||
| 955 | _a4 | ||
| 999 |
_c310302 _d310302 |
||